Mecklenburgische - Seenplatte - Quiz - Statistiken

Allgemein
  • Dieses Quiz wurde 29 mal gespielt
  • Das Durchschnittsergebnis liegt bei 4 aus 20
Antwortstatistiken
Hinweis Antwort % Korrekt
Größter See Müritz
92%
Ort des größten Schiffsschraubenherstellers Waren
67%
Kreisstadt Neubrandenburg
54%
Nachbarkreis im Norden Vorpommern-Rügen
38%
KFZ-Kennzeichen MSE
33%
Einzige anerkannte Inselstadt Malchow
29%
Gebiet mit den ältesten lebenden Eichen Ivenack
25%
Krieg welcher die Bevölkerung größtenteils auslöschte Dreißigjähriger Krieg
21%
Bevölkerungsdichte in Quadratkilometer 47
13%
Naturerlebniszentrum Waren Müritzeum
13%
Anzahl der Seen 1117
8%
Kreisschlüssel 13 0 71
8%
Anzahl der Gemeinden 146
8%
Bevölkerungsanzahl ca. 260.000
8%
Postleitzahl Röbel-Müritz 17207
4%
Jährliches gefeiertes Festival Fusion Festival
4%
Aktueller Landrat Heiko Kräger
4%
Bürgermeister der größten Kreisstadt Silvio Witt
4%
Vertrag von 1304 durch welchen Friedland und Stargard unter Herrschaft von Herzögen Mecklenburgs fielen Vietmannsdorf
4%
Name der Stadt Waren um 150 n. Chr. Virunum
4%
Keine übereinstimmenden Quizze gefunden
Verteilung der Resultate
Anzahl Personen mit jedem Resultat
Perzentil nach korrekt beantworteten Fragen
Ihre Resultats-Entwicklung
Sie haben dieses Quiz noch nicht gespielt